000 00876nam a2200217 a 4500
005 20160420145150.0
008 130802s2010 ck a gr 00010dspa d
020 _a9789587590135
040 _aCO-BoBLA
_cCO-BoBLA
041 0 _aspa
044 _ack
082 0 4 _a551.6
_bC91e
245 0 0 _aCírculos y expediciones ambientales :
_bcambio climático un reto civilizatorio en laderas andinas.
260 _aManizales :
_bUniversidad de Caldas :
_bObservatorio de Conflictos Ambientales,
_c2010.
300 _a48 páginas :
_bilustraciones ;
_c28 x 21 centímetros +
504 _aIncluye referencias bibliográficas.
650 1 6 _aCambios climático
_z Región Andina (Colombia)
650 2 4 _aConservación de laderas
_z Región Andina (Colombia)
650 1 4 _aConservación del medio ambiente
_z Región Andina (Colombia)
942 _2ddc
_cLIBRO
999 _c18313
_d18313